000 00376 a2200169 4500
001 17297
020 _a9788526024311
040 _cAnchieta - Bela Vista
100 _aQueirós, Bartolemeu Campos de
240 1 0 _aA Matinta Perera
_lpor
245 1 0 _aA Matinta Perera
300 _a40
362 0 _a2019
440 1 _aGlobal
650 4 _aLiteratura juvenil
942 _cBK
999 _c17297
_d17297